UBT Library

Linux Kompakt / (Record no. 29)

000 -LEADER
fixed length control field 00408nam a22001577a 4500
008 - FIXED-LENGTH DATA ELEMENTS--GENERAL INFORMATION
fixed length control field 131004b xxu||||| |||| 00| 0 eng d
020 ## - INTERNATIONAL STANDARD BOOK NUMBER
International Standard Book Number 3815814766
041 0# - LANGUAGE CODE
Language code of text/sound track or separate title eng
080 ## - UNIVERSAL DECIMAL CLASSIFICATION NUMBER
Universal Decimal Classification number 004.04
100 1# - Rafti
Rafti Drilling, Thomas
245 10 - TITLE STATEMENT
Title Linux Kompakt /
Statement of responsibility, etc Thomas Drilling
260 ## -
-- Dusseldorf :
-- Data Becker,
-- 2000
300 ## -
-- 489 f. :
-- me il. ;
-- 19 cm.
650 #0 -
-- Softuer kompjuteri
942 ## - ADDED ENTRY ELEMENTS (KOHA)
Source of classification or shelving scheme
Item type Books
Holdings
Withdrawn status Lost status Source of classification or shelving scheme Damaged status Not for loan Collection code Permanent location Current location Shelving location Date acquired Total Checkouts Full call number Barcode Date last seen Price effective from Koha item type
          Koleksioni i përgjithshem UBT - Prishtine UBT - Prishtine Koleksioni i përgjithshem 10/04/2013   004.4 DRI 001-000014 10/04/2013 10/04/2013 Books
UBT Library © 2015-2024. All rights reserved University Education for Business and Technology